000 00642nam a2200217Ia 4500
003 GCL
008 140319s9999 xx 000 0 ara d
020 _a6054172977
040 _aGCL /
_cGCL
082 0 4 _a252.3
_bم ص
100 1 _aمأمون غريب
245 1 0 _aالصيام :
_bفريضة وأحكام /
_cمأمون غريب
250 _aالاولى
260 _aالقاهرة :
_bمكتبة غريب ،
_c1990
300 _a102 ص ؛
_c15 سم
650 0 4 _aالصوم
650 0 4 _aالعبادات( فقه اسلامى )
650 0 4 _aالصوم المحرم
650 0 4 _aالصوم المكروه
942 _2ddc
_cBK
999 _c4919
_d4919